000 01809nam a22004217a 4500
003 PE-LiUPU
005 20250731184610.0
008 221115b |||||||| |||| 00| 0 eng d
020 _a9786124340246
040 _aPE-LiUPU
_bspa
_cPE-LiUPU
_erda
082 _a985.612
_bV289m
100 _9526
_aVarcárcel, Luis E.
_eAutor.
245 _aMachu Picchu :
_bEl mas famoso monumento arqueologico del Peru; Peru's most famous archeological monument /
_cLuis E. Valcárcel
250 _a10a Edición
264 _aLima, Perú :
_bFondo Editorial de la UIGV.
_c2018.
300 _a320 páginas :
_bilustraciones ;
_c27 centímetros.
490 _aObras Escogidas
500 _aVersión en español 9 - 120 -- Versión en Ingles 121 - 240.
504 _aBibliografía 109 - 115
505 _aIntroducción. El Imperio Incaico -- Machu Picchu, el mas famoso monumento arqueológico del Perú -- El Valle del Urubamba -- La Región Tampu -- Los Incas del Vilcabamba -- Montañas y ríos -- Los centros poblados -- El ambiente numinoso -- La obra de pachacuti -- Visión de Machu Picchu -- El descubrimiento científico -- Ciertos enigmas -- Huayna Picchu -- Novedades arquitectónicas -- Pitcos de machu picchu -- Interpretación final
526 _aP136
526 _aP135
526 _aP134
526 _aP133
526 _aP144
526 _aP143
526 _aP87
526 _aP35
526 _aP20
526 _aP14
526 _aP10
526 _aP06
650 0 _9527
_a Arqueología.
_zPerú.
_zMachu Picchu (Cus.)
650 0 _9528
_aMonumentos arqueológicos.
_zPerú.
_zCusco.
710 _9529
_aUniversidad Inca Garcilaso de la Vega.
_eAutor.
942 _2ddc
_cBOOK
_n0
980 _622041
_aELI VALDERRAMA Analista Documental
_81
_gALBERTO SANCHEZ Responsable de Automatización
999 _c61606
_d61606